Management for india maritime affairs: integrated (Record no. 137824)

MARC details
000 -LEADER
fixed length control field 00392nam a2200145Ia 4500
008 - FIXED-LENGTH DATA ELEMENTS--GENERAL INFORMATION
fixed length control field 230917s9999||||xx |||||||||||||| ||und||
040 ## - CATALOGING SOURCE
-- 114340
Original cataloging agency VIVEKANANDA LIBRARY
041 ## - Language
-- English
082 ## - DDC NUMBER
Classification number 359.00954 G959M
100 ## - MAIN ENTRY--PERSONAL NAME
Personal name Gupta, Manoj
245 #0 - TITLE STATEMENT
Title Management for india maritime affairs: integrated
260 ## - PUBLICATION, DISTRIBUTION, ETC. (IMPRINT)
Place of publication, distribution, etc New Delhi India
Name of publisher, distributor, etc Manas Publications
Date of publication, distribution, etc 2005
300 ## - PHYSICAL DESCRIPTION
Pages 246p. p.
942 ## - ADDED ENTRY ELEMENTS (KOHA)
Koha item type Books
Holdings
Withdrawn status Lost status Damaged status Not for loan Location (home branch) Sublocation or collection (holding branch) Date acquired Koha issues (times borrowed) Koha full call number Accession No. Koha date last seen Koha item type
        VIVEKANANDA LIBRARY VIVEKANANDA LIBRARY 10/04/2008   359.00954 G959M 239930 17/09/2023 Books
© Designed and Maintained by Vivekananda Library, MDU Rohtak